000 00439nam a2200181Ia 4500
001 23768
005 20260414150959.0
008 260414t1971||||xx |||||||||||||| ||spa||
041 _aESP
082 _a709
_bH25 T. 1
100 _aHauser, Arnold
_eAUT
245 0 _aHistoria social de la literatura y el arte
_b
260 _c1971
300 _a452 páginas :
_c18 cm.
650 _aABD
654 _aCAU
942 _cLIB
_dJUS
_fJUS
_2ddc
_n
999 _c23768
_d23768